| 000 | 00651nam a22002297a 4500 | ||
|---|---|---|---|
| 003 | UA-OsUOA | ||
| 001 | 93702 | ||
| 007 | ta | ||
| 008 | 20130125b un ||||| |||| 00| 0 ukr d | ||
| 100 | _aГром В. | ||
| 700 | _aКулай А. | ||
| 090 |
_a330(477) _bГ87 |
||
| 942 | _cSA | ||
| 040 |
_aUA-OsUOA _bukr _cUA-OsUOA _dUA-OsUOA |
||
| 245 | _aДецентралізація: економіко-правова основа реформ в Україні | ||
| 300 | _aС.26-29 | ||
| 955 | _a0 | ||
| 041 | _aukr | ||
| 080 | _a330(477) | ||
| 773 | 0 |
_w93700 _tЕкономіст _dК. _d2012 _g12 |
|
| 650 | 7 |
_a330 Економіка взагалі _2UDC |
|
| 999 |
_c379945 _d379945 |
||